Fortnite Chapter 7 Season 1: All Items - Statistics

General Stats
  • This quiz has been taken 58 times
  • The average score is 31 of 75
Answer Stats
Type Rarity Item % Correct
Assault Rifle Common Deadeye Assault Rifle
82%
Assault Rifle Uncommon Deadeye Assault Rifle
82%
Assault Rifle Rare Deadeye Assault Rifle
82%
Assault Rifle Epic Deadeye Assault Rifle
82%
Assault Rifle Legendary Deadeye Assault Rifle
82%
Shotgun Common Iron Pump Shotgun
74%
Shotgun Uncommon Iron Pump Shotgun
74%
Shotgun Rare Iron Pump Shotgun
74%
Shotgun Epic Iron Pump Shotgun
74%
Shotgun Legendary Iron Pump Shotgun
74%
Assault Rifle Common Enforcer AR
69%
Assault Rifle Uncommon Enforcer AR
69%
Assault Rifle Rare Enforcer AR
69%
Assault Rifle Epic Enforcer AR
69%
Assault Rifle Legendary Enforcer AR
69%
Consumable Rare Shield Potion
62%
Consumable Uncommon Small Shield Potion
62%
Throwable/Utility Epic Shockwave Grenade
56%
Shotgun Common Twin Hammer Shotguns
56%
Shotgun Uncommon Twin Hammer Shotguns
56%
Shotgun Rare Twin Hammer Shotguns
56%
Shotgun Epic Twin Hammer Shotguns
56%
Shotgun Legendary Twin Hammer Shotguns
56%
Consumable Legendary Chug Jug
54%
Pistol Common Tactical Pistol
54%
Pistol Uncommon Tactical Pistol
54%
Pistol Rare Tactical Pistol
54%
Pistol Epic Tactical Pistol
54%
Pistol Legendary Tactical Pistol
54%
Consumable Uncommon Med Kit
51%
Throwable/Explosive Weapon Common Grenade
49%
Assault Rifle Mythic Hush's Deadeye Assault Rifle
49%
Shotgun Mythic Brutus' Twin Hammer Shotguns
46%
Utility Epic Wingsuit
46%
SMG Common Holo Rush SMG
41%
SMG Uncommon Holo Rush SMG
41%
SMG Rare Holo Rush SMG
41%
SMG Epic Holo Rush SMG
41%
SMG Legendary Holo Rush SMG
41%
Consumable Common Bandage
38%
Uncategorized (Weapon) Epic Arc-Lightning Gun
36%
Uncategorized (Weapon) Legendary Arc-Lightning Gun
36%
SMG Common Dual Micro SMGs
36%
SMG Uncommon Dual Micro SMGs
36%
SMG Rare Dual Micro SMGs
36%
SMG Epic Dual Micro SMGs
36%
SMG Legendary Dual Micro SMGs
36%
Assault Rifle Mythic Enhanced Enforcer AR
31%
Sniper Rare Vengeful Sniper Rifle
31%
Sniper Epic Vengeful Sniper Rifle
31%
Sniper Legendary Vengeful Sniper Rifle
31%
Shotgun Mythic Pinpoint Iron Pump Shotgun
28%
Consumable Uncommon Flopper
26%
Uncategorized (Weapon) Mythic Human-Bill's Arc-Lightning Gun
26%
Melee Legendary Forsaken Vow Blade
23%
Utility Legendary Self-Revive Device
23%
Consumable Rare Shield Fish
23%
Consumable Common Apple
21%
Consumable Common Banana
21%
Consumable Common Coconut
21%
Throwable/Explosive Weapon Uncommon Dynamite
21%
Throwable/Explosive Weapon Uncommon Clinger
18%
Consumable Common Small Fries
18%
Consumable Common Cabbage
15%
Throwable/Utility Uncommon Port-A-Bunker
15%
Throwable/Utility Uncommon Shield Bubble Jr.
13%
Consumable Common Corn
10%
Consumable Common Shield Mushroom
10%
Pistol Mythic Overdrive Tactical Pistol
8%
Uncategorized Mythic Beach Brutus' Kit
5%
Utility Common Fishing Rod
5%
Uncategorized Mythic Human Bill's Kit
5%
Uncategorized Mythic Hush's Kit
5%
Throwable/Utility Rare Shield Keg
5%
Uncategorized Epic Unstable Element
3%
No matching quizzes found
Score Distribution
Percent of People with Each Score
Percentile by Number Answered
Your Score History
You have not taken this quiz